Un gen fuera de la ley / (Record no. 193983)
[ view plain ]
| 000 -LEADER | |
|---|---|
| campo de control de longitud fija | 01851nam a2200361 i 4500 |
| 001 - NÚMERO DE CONTROL | |
| campo de control | 193983 |
| 003 - IDENTIFICADOR DE NÚMERO DE CONTROL | |
| campo de control | SpMaBN |
| 005 - FECHA Y HORA DE LA ÚLTIMA TRANSACCIÓN | |
| campo de control | 20250804062657.0 |
| 008 - DATOS DE LONGITUD FIJA--INFORMACIÓN GENERAL | |
| campo de control de longitud fija | 231222s2015 sp | |||| 000 f spa |
| 015 ## - NÚMERO DE BIBLIOGRAFÍA NACIONAL | |
| Número de bibliografía nacional | MON15 |
| 017 ## - NÚMERO DE COPYRIGHT O DE DEPÓSITO LEGAL | |
| Número de copyright o de depósito legal | M 8687-2015 |
| Agencia que asigna | Oficina Depósito Legal Madrid |
| 020 ## - NÚMERO INTERNACIONAL ESTÁNDAR DEL LIBRO | |
| Número Internacional Estándar del Libro | 9788495157812 |
| 035 ## - NÚMERO DE CONTROL DEL SISTEMA | |
| Número de control de sistema | (OCoLC)908325180 |
| 040 ## - FUENTE DE CATALOGACIÓN | |
| Centro catalogador/agencia de origen | SpMaBN |
| Lengua de catalogación | spa |
| Centro/agencia transcriptor | SpMaBN |
| Normas de descripción | rdc |
| 080 ## - NÚMERO DE LA CLASIFICACIÓN DECIMAL UNIVERSAL | |
| Número de la Clasificación Decimal Universal | 821.134.2-31"19" |
| 100 ## - ENTRADA PRINCIPAL--NOMBRE DE PERSONA | |
| Nombre de persona | Fuentes, Isabel, |
| Fechas asociadas al nombre | 1971- |
| Número de control del registro de autoridad o número normalizado | XX5487135 |
| 9 (RLIN) | 235535 |
| Término indicativo de función/relación | Autor |
| 245 13 - MENCIÓN DEL TÍTULO | |
| Título | Un gen fuera de la ley / |
| Mención de responsabilidad, etc. | Isabel Fuentes |
| 260 ## - PUBLICACIÓN, DISTRIBUCIÓN, ETC. | |
| Lugar de publicación, distribución, etc. | Madrid : |
| Nombre del editor, distribuidor, etc. | Turpial, |
| Fecha de publicación, distribución, etc. | D.L. 2015 |
| 300 ## - DESCRIPCIÓN FÍSICA | |
| Extensión | 275 p. ; |
| Dimensiones | 21 cm |
| 336 ## - TIPO DE CONTENIDO | |
| Término de tipo de contenido | Texto (visual) |
| Fuente | isbdcontent |
| 337 ## - TIPO DE MEDIO | |
| Nombre/término del tipo de medio | sin mediación |
| Fuente | isbdmedia |
| 338 ## - TIPO DE SOPORTE | |
| Fuente | rdacarrier |
| Nombre/término del tipo de soporte | volumen |
| 490 0# - MENCIÓN DE SERIE | |
| Mención de serie | Ópera prima |
| 520 ## - RESUMEN, ETC. | |
| Sumario, etc. | Se trata de la primera novela de la autora, Isabel Fuentes. Es una novela inclasificable, ya que es policíaca, social, feminista, cómica: tiene una mezcla asombrosa y te engancha desde el primer momento. Pensamos que va a ser un gran producto editorial, las lecturas que hemos realizado entre diversos tipos de lectores nos han hecho tener grandes esperanzas en este título. Hay que hacer que lo lea gente que pueda influir, prescriptores que lo recomienden, es un libro de muy fácil lectura y que te lleva a la risa en varias ocasiones. |
| 655 #0 - TERMINO DE INDIZACIÓN--GENERO/FORMA | |
| Datos o término principal de género/forma | Novelas |
| 9 (RLIN) | 234319 |
| 852 ## - LOCALIZACIÓN | |
| Ubicación | ES-MaACL |
| Sublocalización o colección | R.154946 |
| Ubicación en estantería | Depósito J |
| Número de control de estantería | N-9775 |
| Encuadernación | Encuadernación rústica con solapas |
| Anotaciones manuscritas | Dedicatoria autógrafa de la autora |
| Donativo/Legado | Donación: Isabel Fuentes |
| itemnumber | 205491 |
| 903 ## - NOMBRE PERSONAL DE DONANTE | |
| 9 | 235535 |
| a | Fuentes, Isabel, |
| d | 1971- |
| e | Donante |
| 942 ## - ELEMENTOS DE ENTRADA SECUNDARIOS (KOHA) | |
| Tipo de ítem Koha | Libro impreso |
| Suprimir en OPAC | No |
| Estatus retirado | Estado de pérdida | Fuente del sistema de clasificación o colocación | Estado de daño | No para préstamo | Colección | Biblioteca de origen | Biblioteca actual | Ubicación en estantería | Fecha de adquisición | Fuente de adquisición | Número de control de estantería | Total de préstamos | Signatura topográfica completa | Código de barras | Visto por última vez | Precio de reemplazo | Tipo de ítem Koha |
|---|---|---|---|---|---|---|---|---|---|---|---|---|---|---|---|---|---|
| Clasificación decimal universal | Libros con dedicatorias | Biblioteca del Ateneo de Madrid | Biblioteca del Ateneo de Madrid | Depósito J | 13/05/2025 | Donación | Ateneísta | N-9775 | 101230089 | 13/05/2025 | 13/05/2025 | Libro impreso |
